000 00640cam a2200217 a 4500
001 000023361
005 20200930022150.0
008 930114s1965 ag 000 1 spa d
040 _aDO-SdBNP
_bspa
_cBNPHU
082 _a895.13
_bY95f
100 1 _aYutang, Lin.
_948127
245 1 3 _aLa fuga de los inocentes /
_cLin Yutang ; traducción León Mirlas.
260 _aBuenos Aires :
_bSudamericana,
_c1965.
300 _a313 p. ;
_c17 cm.
490 1 _aHorizonte
650 4 _aNovela china
_940226
650 4 _aLiteratura folclórica china
_948128
700 1 _aMirlas, León,
_etr.
_94754
830 0 _aHorizonte
_911053
049 _aBNGR
999 _c22858
_d22858